[Event "NIV - Tarbes / CONDOMIII"]
[Site "Tarbes"]
[Date "2007.01.21"]
[Round "4"]
[White "Bunjaku, Rijard"]
[Black "Seguelong, Patrick"]
[Result "1/2-1/2"]
[WhiteElo "1870"]
[BlackElo "1560"]
[EventDate "2007.??.??"]
[PlyCount "95"]

1.e4 e6 2.Nf3 d5 3.e5 Ne7 4.d4 c5 5.c4 Nbc6 6.dxc5 Qa5+ 7.Bd2 Qxc5 8.Qa4 
dxc4 9.Bxc4 Bd7 10.Be3 Qb4+ 11.Qxb4 Nxb4 12.Na3 Nf5 13.Bd2 Bc6 14.O-O Be7 
15.Bb5 O-O 16.Bxc6 Nxc6 17.Nc2 Rad8 18.Rfe1 Rd5 19.h3 Rfd8 20.Bc3 Bc5 21.
a3 Nfd4 22.Ncxd4 Bxd4 23.Bxd4 Nxd4 24.Nxd4 Rxd4 25.Rac1 R4d7 26.Rc4 Kf8 
27.f4 Rd4 28.Re4 Rxe4 29.Rxe4 Ke7 30.Rc4 Kd7 31.Kf2 b5 32.Rc5 Rb8 33.Ke3 
a6 34.Ke4 g6 35.g4 Rb6 36.h4 Rc6 37.Kd4 Rb6 38.Kc3 a5 39.b4 a4 40.Kd4 Rb7 
41.Rc3 Rb6 42.Ke4 Rc6 43.Rxc6 Kxc6 44.f5 Kb6 45.Kf4 h6 46.Ke4 Kc6 47.f6 g5
48.h5 1/2-1/2

[Event "NIV - Tarbes / CONDOMIII"]
[Site "Tarbes"]
[Date "2007.01.21"]
[Round "4"]
[White "Berthelot, Nathan"]
[Black "Varmot, Jean-Jacques"]
[Result "1-0"]
[WhiteElo "1628"]
[BlackElo "1950"]
[EventDate "2007.??.??"]
[PlyCount "61"]

1.e4 c5 2.Nf3 Nc6 3.Bb5 a6 4.Bxc6 bxc6 5.O-O d5 6.exd5 cxd5 7.d4 Bg4 8.Nc3
e6 9.Re1 Be7 10.dxc5 Qc7 11.Na4 Rd8 12.b3 Nf6 13.Nb6 O-O 14.Bb2 Nd7 15.
Nxd5 exd5 16.Rxe7 Qc6 17.b4 Nf6 18.Ne5 Qc8 19.Nxg4 Qxg4 20.Qxg4 Nxg4 21.f3
Nh6 22.Rae1 Nf5 23.Ra7 Ra8 24.Rd7 Rfd8 25.c6 Kf8 26.Re5 Rxd7 27.cxd7 Ne7 
28.Ba3 f6 29.Re3 Kf7 30.b5 Nf5 31.Re8 1-0

[Event "N4 Ste Foy-Muret"]
[Site "Ste Foy"]
[Date "2007.01.21"]
[Round "4.8"]
[White "Barraud, Claudine"]
[Black "Ajdari, Emmanuel"]
[Result "1-0"]
[WhiteElo "1350"]
[BlackElo "1499"]
[EventDate "2007.??.??"]
[PlyCount "79"]

1.e4 c5 2.Bc4 e6 3.Nc3 Nc6 4.Nf3 Nf6 5.d3 d5 6.exd5 exd5 7.Qe2+ Be7 8.Bb5 
O-O 9.O-O Qc7 10.Bg5 Be6 11.Bxc6 Qxc6 12.Ne5 Qc7 13.f4 d4 14.Ne4 Nxe4 15.
Bxe7 Ng3 16.hxg3 Qxe7 17.Rae1 Bd5 18.b3 Rae8 19.Qh5 Qd6 20.Ng4 Re6 21.f5 
Rxe1 22.Rxe1 Qxg3 23.Re2 Bf3 24.Nf6+ gxf6 25.Qxf3 Qxf3 26.gxf3 b6 27.Re7 
Ra8 28.Kf2 Kg7 29.Kg3 a6 30.Kf4 h5 31.Ke4 h4 32.Kd5 h3 33.Re1 Kh6 34.Rh1 
Kg5 35.Rxh3 Kxf5 36.Kc6 Re8 37.Kxb6 Re6+ 38.Kxc5 Re2 39.Kxd4 Rxc2 40.Rh5+ 
1-0

[Event "N4 Ste Foy-Muret"]
[Site "Ste Foy"]
[Date "2007.01.21"]
[Round "4.7"]
[White "Misiaszek, Stephan"]
[Black "Thirion, Patrick"]
[Result "0-1"]
[WhiteElo "1640"]
[BlackElo "1650"]
[EventDate "2007.??.??"]
[PlyCount "84"]

1.d4 Nf6 2.Nf3 e6 3.e3 Be7 4.Bd3 d5 5.Nbd2 Nbd7 6.c3 c5 7.O-O Qc7 8.Re1 e5
9.e4 cxd4 10.cxd4 O-O 11.dxe5 Nxe5 12.Nxe5 Qxe5 13.Nf3 Qc7 14.e5 Ne4 15.
Bxe4 dxe4 16.Rxe4 Bf5 17.Re3 Bc5 18.Rc3 Qb6 19.Be3 Bxe3 20.Rxe3 Rad8 21.
Qe2 a6 22.h3 Be6 23.b3 Rd7 24.Rd1 Rfd8 25.Rxd7 Rxd7 26.Rd3 Qc5 27.Re3 Qb6 
28.Nd2 Qd4 29.Nf3 Qb6 30.Kh2 h6 31.g4 Qc6 32.Kg3 Qc1 33.Rd3 g5 34.Rxd7 
Qf4+ 35.Kg2 Bxd7 36.Qd2 Bc6 37.Qxf4 gxf4 38.h4 Kg7 39.g5 hxg5 40.hxg5 Be4 
41.Kf1 Bxf3 42.Ke1 Kg6 0-1

[Event "N4 Ste Foy-Muret"]
[Site "Ste Foy"]
[Date "2007.01.21"]
[Round "4.6"]
[White "Fora, Jean-Paul"]
[Black "Lecureux, Yves"]
[Result "0-1"]
[WhiteElo "1630"]
[BlackElo "1570"]
[EventDate "2007.??.??"]
[PlyCount "124"]

1.c4 Nf6 2.Nc3 e5 3.Nf3 Nc6 4.d3 Bc5 5.g3 O-O 6.Bg2 d6 7.O-O Bf5 8.a3 a6 
9.b4 Ba7 10.Bb2 Rb8 11.Rb1 Qd7 12.e3 Bh3 13.Ne2 Bxg2 14.Kxg2 Rbd8 15.Qc2 
Rfe8 16.Rbd1 Qe6 17.Rh1 Qf5 18.Neg1 Ng4 19.Bc1 e4 20.dxe4 Qxe4 21.Qxe4 
Rxe4 22.h3 Nf6 23.Nd2 Re6 24.Ngf3 a5 25.b5 Ne5 26.Nxe5 Rxe5 27.Bb2 Re6 28.
Bd4 Bxd4 29.exd4 Rde8 30.Nf3 Ne4 31.Rhe1 f5 32.Kf1 h6 33.Rc1 g5 34.g4 fxg4
35.hxg4 Nf6 36.Nh2 Re4 37.Rxe4 Rxe4 38.Rd1 Nxg4 39.Nxg4 Rxg4 40.Ke2 Rf4 
41.Ke3 Kf7 42.Rg1 Kf6 43.f3 h5 44.Rh1 Kg6 45.Rg1 Rf7 46.Rh1 g4 47.fxg4 
hxg4 48.a4 Kg5 49.Rh8 b6 50.Ke4 g3 51.Rg8+ Kh4 52.Rh8+ Kg4 53.Rg8+ Kh3 54.
Rh8+ Kg2 55.Ke3 Re7+ 56.Kf4 Kf2 57.Rf8 Rg7 58.Ke4+ Kg1 59.Kf3 g2 60.Rf5 
Kf1 61.Ke3+ Ke1 62.Rf2 g1=Q 0-1

[Event "N4 Ste Foy-Muret"]
[Site "Ste Foy"]
[Date "2007.01.21"]
[Round "4.5"]
[White "Boulogne, Laurent"]
[Black "Boukhris, Khaled"]
[Result "1-0"]
[WhiteElo "1820"]
[BlackElo "1860"]
[EventDate "2007.??.??"]
[PlyCount "77"]

1.d4 e6 2.c4 d5 3.Nc3 Nf6 4.Bg5 Be7 5.e3 h6 6.Bh4 Nbd7 7.Nf3 O-O 8.Bd3 c6 
9.O-O dxc4 10.Bxc4 Nd5 11.Bxe7 Qxe7 12.a3 Nxc3 13.bxc3 e5 14.Qc2 exd4 15.
cxd4 Nb6 16.Ba2 Nd5 17.e4 Nf4 18.g3 Nh3+ 19.Kg2 Ng5 20.Nxg5 Qxg5 21.Qe2 h5
22.f4 Qh6 23.h4 Bg4 24.Qb2 Qd6 25.d5 Qd7 26.Rf2 Rae8 27.Re1 cxd5 28.Bxd5 
Re7 29.Rd2 Qa4 30.Rd4 Qa5 31.Rc1 b5 32.Rb4 a6 33.Rc6 Rc7 34.Rg6 Rc2+ 35.
Qxc2 Qxa3 36.Rb3 Qa1 37.Rc6 Bd1 38.Qb2 Qa5 39.Rg6 1-0

[Event "N4 Ste Foy-Muret"]
[Site "Ste Foy"]
[Date "2007.01.21"]
[Round "4.4"]
[White "Boukhris-Ferre, Yacine"]
[Black "Lacresse, Régis"]
[Result "0-1"]
[WhiteElo "1840"]
[BlackElo "1880"]
[EventDate "2007.??.??"]
[PlyCount "106"]

1.e4 Nf6 2.e5 Nd5 3.Nc3 Nxc3 4.dxc3 g6 5.Nf3 Bg7 6.Bc4 Nc6 7.Be3 O-O 8.Bd4
d5 9.Bd3 Bg4 10.Qe2 e6 11.O-O-O Bxf3 12.gxf3 Qg5+ 13.Kb1 Bxe5 14.Bxe5 Qxe5
15.Qd2 Rfd8 16.h4 d4 17.c4 a5 18.a3 a4 19.Rdg1 Qg7 20.h5 Ra5 21.hxg6 hxg6 
22.Rh6 g5 23.Rh5 Kf8 24.Rgxg5 Rxg5 25.Qxg5 Qxg5 26.Rxg5 f5 27.f4 Kf7 28.
Kc1 Kf6 29.Kd2 Ne5 30.Rh5 Nf7 31.Rh7 c5 32.Be2 Kg6 33.Rh4 Nd6 34.f3 Rb8 
35.Rh1 b5 36.cxb5 c4 37.b3 d3 38.cxd3 cxb3 39.d4 Nxb5 40.Bxb5 Rxb5 41.Kc3 
b2 42.Rb1 Rb3+ 43.Kc2 Rxf3 44.Kxb2 Rb3+ 45.Ka2 Rxb1 46.Kxb1 Kh5 47.Kc2 Kg4
48.Kc3 Kxf4 49.Kb4 Ke3 50.Kxa4 f4 51.Kb4 f3 52.a4 f2 53.a5 f1=Q 0-1

[Event "N4 Ste Foy-Muret"]
[Site "Ste Foy"]
[Date "2007.01.21"]
[Round "4.3"]
[White "Moreau, Emilien"]
[Black "Carpentier, Jean-christophe"]
[Result "1/2-1/2"]
[WhiteElo "1830"]
[BlackElo "2063"]
[EventDate "2007.??.??"]
[PlyCount "95"]

1.e4 d5 2.exd5 Qxd5 3.Nc3 Qa5 4.d4 Nf6 5.Nf3 c6 6.Bd2 Bf5 7.Bc4 e6 8.Bb3 
Nbd7 9.Qe2 Bb4 10.O-O-O Nd5 11.Nxd5 Bxd2+ 12.Rxd2 cxd5 13.Ne5 Nxe5 14.Qxe5
O-O 15.g4 Be4 16.Rg1 Rac8 17.h4 Rc6 18.Qg3 Rfc8 19.f3 Bxc2 20.Rxc2 Rxc2+ 
21.Bxc2 Qxa2 22.Rg2 Qa1+ 23.Kd2 Qxb2 24.Ke3 g6 25.Qf2 e5 26.dxe5 Qxe5+ 27.
Kd2 Qb2 28.Kd1 Rc4 29.Qe2 a5 30.h5 a4 31.Qe8+ Kg7 32.h6+ Kxh6 33.Qf8+ Kg5 
34.Qe7+ f6 35.Qe3+ Rf4 36.Rd2 d4 37.Qe6 Qa1+ 38.Ke2 d3+ 39.Bxd3 Qe5+ 40.
Qxe5+ fxe5 41.Be4 h5 42.gxh5 gxh5 43.Ra2 b5 44.Kf2 Rf6 45.Bc2 Ra6 46.Bd3 
Ra5 47.Bxb5 Rxb5 48.Rxa4 1/2-1/2

[Event "N4 Ste Foy-Muret"]
[Site "Ste Foy"]
[Date "2007.01.21"]
[Round "4.2"]
[White "Partinico, Jeremy"]
[Black "Vialaret, Laurent"]
[Result "0-1"]
[WhiteElo "1964"]
[BlackElo "2088"]
[EventDate "2007.??.??"]
[PlyCount "62"]

1.e4 e5 2.Nf3 Nc6 3.Bc4 Nf6 4.Ng5 Bc5 5.Bxf7+ Ke7 6.Bd5 Rf8 7.O-O d6 8.h3 
Qe8 9.Bxc6 bxc6 10.c3 h6 11.d4 Bb6 12.Nf3 Qh5 13.Qd3 Bxh3 14.gxh3 Qxh3 15.
Nxe5 Qh5 16.Nxc6+ Kd7 17.Nb4 Ng4 18.Qg3 Rf3 19.Qg2 Raf8 20.Nd2 Rxf2 21.Qg3
R8f6 22.Rxf2 Nxf2 23.Qxf2 Rxf2 24.Kxf2 Qh2+ 25.Ke3 c5 26.Nc2 g5 27.Nf3 
Qxc2 28.Bd2 g4 29.Nh4 cxd4+ 30.cxd4 Bxd4+ 31.Ke2 Qxe4+ 0-1

[Event "N4 Ste Foy-Muret"]
[Site "Ste Foy"]
[Date "2007.01.21"]
[Round "4.1"]
[White "Noll, Dominik"]
[Black "Hervet, Gilles"]
[Result "1-0"]
[WhiteElo "2100"]
[BlackElo "2090"]
[EventDate "2007.??.??"]
[PlyCount "47"]

1.e4 d5 2.exd5 Nf6 3.Nf3 Qxd5 4.Nc3 Qh5 5.d4 Bg4 6.Be2 Nc6 7.Be3 O-O-O 8.
O-O e5 9.h3 Bb4 10.hxg4 Nxg4 11.Ne4 Nxd4 12.Bxd4 Rxd4 13.Ng3 Qh6 14.Bd3 g6
15.Qc1 Qg7 16.Nxd4 exd4 17.Qg5 Ne5 18.Nh5 h6 19.Qg3 Qf8 20.Qxe5 gxh5 21.
Qxh5 Rg8 22.Bc4 Qg7 23.g3 Bd6 24.Qxf7 1-0

[Event "N4 Albi - Rodez"]
[Site "Albi"]
[Date "2007.01.21"]
[Round "4"]
[White "Valerio, Elvin"]
[Black "Fabre, Philippe"]
[Result "1-0"]
[WhiteElo "1499"]
[BlackElo "1720"]
[EventDate "2007.??.??"]
[PlyCount "79"]

1.Nf3 Nf6 2.g3 g6 3.Bg2 Bg7 4.d3 d5 5.c3 O-O 6.h3 c6 7.Be3 Nbd7 8.Qd2 Re8 
9.Qc2 e5 10.Bd2 Qc7 11.e4 Nc5 12.exd5 e4 13.dxe4 Ncxe4 14.O-O cxd5 15.Bf4 
Qb6 16.Re1 Bf5 17.g4 Be6 18.b4 Nd7 19.Be3 Qc7 20.Bd4 Rac8 21.Bxg7 Kxg7 22.
Nd4 Nxc3 23.Qb2 Kg8 24.Na3 Qf4 25.Nab5 Nxb5 26.Nxb5 a6 27.Nd4 Nb6 28.Ne2 
Qd6 29.Rac1 Nc4 30.Qb3 Nd2 31.Qb2 Rxc1 32.Rxc1 Nc4 33.Qb3 Bxg4 34.hxg4 
Rxe2 35.Rxc4 Re1+ 36.Bf1 dxc4 37.Qxc4 Qd1 38.Qc8+ Kg7 39.Qc3+ Kh6 40.Qc4 
1-0

[Event "N4 Albi - Rodez"]
[Site "Albi"]
[Date "2007.01.21"]
[Round "4"]
[White "Sujoyan, Ararat"]
[Black "Forest, Eric"]
[Result "1-0"]
[WhiteElo "1860"]
[BlackElo "1816"]
[EventDate "2007.??.??"]
[PlyCount "133"]

1.e4 c5 2.Bc4 e6 3.a3 Nc6 4.Nc3 a6 5.d3 Nf6 6.h3 Be7 7.Nf3 O-O 8.O-O d5 9.
exd5 exd5 10.Ba2 d4 11.Ne2 h6 12.Bf4 Bd6 13.Bxd6 Qxd6 14.Ng3 Nd5 15.Bxd5 
Qxd5 16.Qd2 Bxh3 17.Rfe1 Be6 18.Qf4 Rad8 19.Ne5 b5 20.Nh5 Ne7 21.g4 f6 22.
Nf3 Ng6 23.Qg3 Qd6 24.Kg2 Bd5 25.Qxd6 Rxd6 26.Kg3 Kf7 27.Nf4 Be6 28.Nxg6 
Kxg6 29.Nd2 f5 30.Re5 f4+ 31.Kh4 Rd5 32.Rae1 Rf6 33.Rxd5 Bxd5 34.Re5 Rd6 
35.Rf5 Kh7 36.Re5 g5+ 37.Kh3 Kg6 38.f3 Kf6 39.Re8 Re6 40.Rxe6+ Kxe6 41.Kg2
Ke5 42.b3 Kd6 43.Kf2 a5 44.Ke2 Kc6 45.Kd1 Kd6 46.Ke2 Ke5 47.Kf2 Bf7 48.Kg2
h5 49.gxh5 Bxh5 50.Ne4 c4 51.Nxg5 cxd3 52.cxd3 b4 53.axb4 axb4 54.Ne4 Be8 
55.Kh3 Bg6 56.Kg2 Be8 57.Kh3 Bb5 58.Nf2 Bd7+ 59.Kh4 Kf5 60.Ne4 Kg6 61.Nc5 
Bc8 62.Ne4 Kh6 63.Nc5 Kg6 64.Ne4 Be6 65.Nc5 Bc8 66.Ne4 Kf5 67.Nd6+ 1-0

[Event "N4 Albi - Rodez"]
[Site "Albi"]
[Date "2007.01.21"]
[Round "4"]
[White "Schegerin, André"]
[Black "Martinez, Loic"]
[Result "1/2-1/2"]
[WhiteElo "1840"]
[BlackElo "1870"]
[EventDate "2007.??.??"]
[PlyCount "120"]

1.d3 Nf6 2.Nf3 g6 3.g3 Bg7 4.Bg2 c5 5.O-O Nc6 6.c3 O-O 7.Qc2 d6 8.e4 Bg4 
9.h3 Bxf3 10.Bxf3 Rc8 11.Be3 a6 12.Nd2 b5 13.g4 Nd7 14.Be2 e6 15.Nf3 h6 
16.Qd2 Kh7 17.g5 h5 18.Nh4 Ne7 19.f4 f5 20.exf5 Nxf5 21.Nxf5 exf5 22.d4 c4
23.Bf3 Rb8 24.Rfe1 Qc7 25.Re2 Rbe8 26.Rae1 Nb6 27.Bf2 Qd7 28.d5 Nc8 29.Re6
Re7 30.Qe2 Rfe8 31.Kf1 Kg8 32.Rxe7 Rxe7 33.Qd2 Kf7 34.Re2 Rxe2 35.Qxe2 Qe8
36.Ke1 Bf8 37.Kd2 Qxe2+ 38.Bxe2 Be7 39.a4 Bd8 40.axb5 axb5 41.Kc2 Bb6 42.
Bxb6 Nxb6 43.Bf3 Nd7 44.b3 cxb3+ 45.Kxb3 Nc5+ 46.Kc2 Na6 47.Be2 Nc7 48.c4 
bxc4 49.Bxc4 h4 50.Kc3 Ke7 51.Kb4 Ne8 52.Ka5 Ng7 53.Be2 Ne8 54.Kb6 Ng7 55.
Kc6 Ne8 56.Bd1 Ng7 57.Kc7 Ne8+ 58.Kc8 Ng7 59.Be2 Ne8 60.Bd1 Ng7 1/2-1/2

[Event "N4 Albi - Rodez"]
[Site "Albi"]
[Date "2007.01.21"]
[Round "4"]
[White "Nghiem, Luat"]
[Black "Serres, Olivier"]
[Result "1-0"]
[WhiteElo "2040"]
[BlackElo "1870"]
[EventDate "2007.??.??"]
[PlyCount "135"]

1.e4 d6 2.d4 Nf6 3.Nc3 g6 4.Nf3 Bg7 5.Bg5 c6 6.Qd2 b5 7.Bd3 Bg4 8.h3 Bxf3 
9.gxf3 Nh5 10.Ne2 Qb6 11.Be3 Nd7 12.f4 Qb7 13.Ng3 Nxg3 14.fxg3 c5 15.c3 f5
16.Qg2 cxd4 17.cxd4 Nf6 18.O-O fxe4 19.f5 Qd5 20.Bc2 gxf5 21.Bb3 Qb7 22.
Be6 Nd5 23.Qe2 Nxe3 24.Qxe3 Qb6 25.Rad1 d5 26.Bxd5 Rd8 27.Rxf5 Rxd5 28.
Rxd5 Qe6 29.Qb3 O-O 30.Rd8 Qxb3 31.Rxf8+ Kxf8 32.axb3 Kf7 33.Kf2 Ke6 34.
Ke3 Kd5 35.h4 Bh6+ 36.Ke2 Bg7 37.Rf1 Bxd4 38.Rf7 Be5 39.g4 h6 40.Rxe7 Bf6 
41.Rh7 Bxh4 42.Rxh6 Bg3 43.Ra6 Be5 44.Rxa7 Bxb2 45.Rb7 Kc6 46.Rf7 Kc5 47.
Ke3 Kb4 48.Kxe4 Kxb3 49.g5 b4 50.g6 Ka2 51.g7 Bxg7 52.Rxg7 b3 53.Ra7+ Kb1 
54.Kd3 b2 55.Rb7 Kc1 56.Rc7+ Kb1 57.Rh7 Ka1 58.Ra7+ Kb1 59.Ra6 Kc1 60.Rc6+
Kb1 61.Kc3 Ka1 62.Ra6+ Kb1 63.Kb3 Kc1 64.Rc6+ Kb1 65.Rh6 Ka1 66.Ra6+ Kb1 
67.Ra2 Kc1 68.Rxb2 1-0

[Event "N4 Albi - Rodez"]
[Site "Albi"]
[Date "2007.01.21"]
[Round "4"]
[White "Nenert, Louis"]
[Black "Roques, Michel"]
[Result "1/2-1/2"]
[WhiteElo "1800"]
[BlackElo "1780"]
[EventDate "2007.??.??"]
[PlyCount "121"]

1.e4 e5 2.Nf3 Nc6 3.Bc4 Bc5 4.d3 h6 5.Be3 Bxe3 6.fxe3 Nf6 7.Nc3 d6 8.O-O 
Na5 9.Bb3 Nxb3 10.axb3 O-O 11.d4 Qe7 12.dxe5 dxe5 13.Nd5 Nxd5 14.exd5 Bg4 
15.h3 Bh5 16.Qd2 a6 17.c4 Rad8 18.Rae1 c6 19.e4 Rd7 20.g4 Bg6 21.Qe3 Rfd8 
22.Rd1 Rd6 23.c5 Rf6 24.d6 Qe6 25.Nh4 Rxf1+ 26.Rxf1 h5 27.Qg5 Rd7 28.Nf5 
Bxf5 29.gxf5 Qxb3 30.f6 g6 31.Rf2 Kh7 32.Qg2 b6 33.Rf3 Qd1+ 34.Kh2 bxc5 
35.Rf1 Qxd6 36.Rf2 Qd1 37.Rf1 Qd2 38.Rf2 Qe3 39.Rc2 Qf4+ 40.Qg3 Qxg3+ 41.
Kxg3 g5 42.Rxc5 Rd3+ 43.Kg2 Rd2+ 44.Kf3 Rxb2 45.Rxe5 Kg6 46.Rc5 Rb3+ 47.
Kg2 Kxf6 48.Rxc6+ Ke5 49.Rc5+ Kxe4 50.Rxg5 f5 51.Rxh5 a5 52.Rh8 a4 53.h4 
Kf4 54.h5 Kg5 55.h6 a3 56.h7 Kh6 57.Rf8 Kxh7 58.Rxf5 Kg6 59.Ra5 Rb2+ 60.
Kf3 a2 61.Ke3 1/2-1/2

[Event "N4 Albi - Rodez"]
[Site "Albi"]
[Date "2007.01.21"]
[Round "4"]
[White "Donadille, Romuald"]
[Black "Cremers, Bertrand"]
[Result "0-1"]
[WhiteElo "1720"]
[BlackElo "1490"]
[EventDate "2007.??.??"]
[PlyCount "106"]

1.e4 c5 2.c3 Nc6 3.Nf3 a6 4.d4 cxd4 5.cxd4 e6 6.Nc3 d5 7.e5 b5 8.Bd3 Nge7 
9.O-O Ng6 10.Be3 Be7 11.Rc1 Bd7 12.a3 O-O 13.Ne2 f5 14.Nf4 Nxf4 15.Bxf4 g5
16.Bd2 g4 17.Bh6 Rf7 18.Rxc6 Bxc6 19.Qc1 Rc8 20.Ng5 Bxg5 21.Bxg5 Qf8 22.f3
b4 23.fxg4 Bb5 24.Qd2 Bxd3 25.Qxd3 fxg4 26.Bf6 Qh6 27.Qg3 Rfc7 28.Qxg4+ 
Qg6 29.Qxe6+ Qf7 30.Qg4+ Qg6 31.Qe6+ Qf7 32.Qg4+ Qg6 33.Qxg6+ hxg6 34.axb4
Rc4 35.Be7 Rxd4 36.Re1 Re4 37.Rxe4 dxe4 38.Kf2 Rc2+ 39.Ke3 Rxg2 40.Kxe4 
Kf7 41.Bc5 Ke6 42.h3 Rh2 43.Bd4 Rxh3 44.Kf4 Rh4+ 45.Ke3 g5 46.Bc3 Kf5 47.
Kf3 g4+ 48.Kg2 Rh3 49.Bd4 Rd3 50.Bc3 Re3 51.Kf2 Rf3+ 52.Kg2 Re3 53.Kf2 
Rxe5 0-1

[Event "N4 Albi - Rodez"]
[Site "Albi"]
[Date "2007.01.21"]
[Round "4"]
[White "De Biasi, Robert"]
[Black "Lefevre, Gérard"]
[Result "0-1"]
[WhiteElo "1842"]
[BlackElo "1880"]
[EventDate "2007.??.??"]
[PlyCount "152"]

1.c4 Nf6 2.Nc3 g6 3.g3 Bg7 4.Bg2 O-O 5.e3 c5 6.Nge2 Nc6 7.O-O Ne5 8.d3 e6 
9.b3 d5 10.d4 cxd4 11.exd4 Nc6 12.cxd5 Nxd5 13.Nxd5 exd5 14.Bb2 Bg4 15.h3 
Be6 16.Nf4 g5 17.Nxe6 fxe6 18.Re1 Qf6 19.Re2 Rae8 20.Qd2 Nxd4 21.Bxd4 Qxd4
22.Qxd4 Bxd4 23.Rd1 Bc5 24.Rc1 b6 25.Rcc2 d4 26.Rcd2 e5 27.Rd3 Kg7 28.Re4 
Re7 29.h4 h6 30.hxg5 hxg5 31.Re2 a5 32.a4 Rc8 33.Be4 Bb4 34.Kg2 Rc3 35.Kf3
Kf6 36.Rxc3 Bxc3 37.Rc2 Re8 38.Ke2 Ke6 39.Kd3 Kd6 40.f3 Kc5 41.Rh2 Kb4 42.
Bd5 Be1 43.g4 Rd8 44.Bc4 Rf8 45.Bd5 Kc5 46.Be4 Kb4 47.Bd5 b5 48.axb5 Kxb5 
49.Re2 Bg3 50.Rc2 Rh8 51.Bc6+ Kb6 52.Bd5 Bf4 53.Rc6+ Kb5 54.Rc2 Rh1 55.
Bc6+ Kb4 56.Bd5 Rd1+ 57.Ke2 Rb1 58.Rc4+ Kb5 59.Rc2 Bg3 60.Bc6+ Kb4 61.Bd5 
Re1+ 62.Kd2 Re3 63.Rc4+ Kb5 64.Rc2 Bf4 65.Bc4+ Kb4 66.Kd1 Rxf3 67.Bd5 Rd3+
68.Ke2 Rg3 69.Rc4+ Kb5 70.Bc6+ Kb6 71.Bf3 d3+ 72.Kf2 d2 73.Rc6+ Kb5 74.Rd6
Rxf3+ 75.Kxf3 e4+ 76.Kxe4 Bxd6 0-1

[Event "N4 Albi - Rodez"]
[Site "Albi"]
[Date "2007.01.21"]
[Round "4"]
[White "Caron, Jean-Marie"]
[Black "Tanguy, Fabien"]
[Result "0-1"]
[WhiteElo "1938"]
[BlackElo "2052"]
[EventDate "2007.??.??"]
[PlyCount "82"]

1.e4 g6 2.Bc4 Bg7 3.c3 d6 4.Nf3 Nc6 5.d4 Nf6 6.Qe2 O-O 7.O-O d5 8.exd5 
Nxd5 9.Bg5 Be6 10.Nbd2 Bf6 11.Bxf6 exf6 12.Rfe1 Nce7 13.Ne4 Nf5 14.Qd2 Nd6
15.Bd3 Nxe4 16.Bxe4 Kg7 17.c4 Nb6 18.b3 c6 19.Qc3 Qc7 20.Re3 Rad8 21.a4 
Nc8 22.Rae1 Rd7 23.Rd1 Rfd8 24.Red3 Nd6 25.Nd2 Nf5 26.Nf1 Qf4 27.Bxf5 Bxf5
28.R3d2 h5 29.Ne3 Bg4 30.f3 Bf5 31.Nxf5+ Qxf5 32.Qe3 Qa5 33.Qe4 Qb4 34.Rd3
Re7 35.Qh4 Rde8 36.h3 g5 37.Qxh5 Re1+ 38.Rxe1 Rxe1+ 39.Kh2 Qd6+ 40.f4 
Qxf4+ 41.g3 Qf2# 0-1

[Event "R1 - Lardenne - Auch"]
[Site "Lardenne"]
[Date "2007.01.22"]
[Round "4"]
[White "Pokee, Michèle"]
[Black "Strub, Bruno"]
[Result "0-1"]
[WhiteElo "1340"]
[BlackElo "1360"]
[EventDate "2007.??.??"]
[PlyCount "152"]

1.e4 e5 2.Nf3 Nc6 3.d4 exd4 4.Nxd4 Bc5 5.Be3 Qf6 6.c3 b6 7.Bb5 Bb7 8.Qd3 
Ne5 9.Qc2 c6 10.Bd3 Nxd3+ 11.Qxd3 Ne7 12.Nd2 O-O 13.N2b3 Bd6 14.Nf3 h6 15.
Rd1 Bf4 16.Bxf4 Qxf4 17.O-O d5 18.exd5 Nxd5 19.Rfe1 Rad8 20.Qe4 Rfe8 21.
Qxf4 Nxf4 22.Rxd8 Rxd8 23.h3 c5 24.Nbd2 b5 25.b3 f6 26.Re7 Bxf3 27.Nxf3 
Rd1+ 28.Kh2 Nd5 29.Rxa7 Nxc3 30.Nh4 Rd5 31.Ng6 Rd8 32.f3 Kh7 33.Nf4 Rg8 
34.Nh5 Kg6 35.Nf4+ Kf5 36.Nh5 g5 37.g4+ Kg6 38.Ra6 Rf8 39.Ra7 Rf7 40.Ra6 
Ne2 41.Ra5 Nd4 42.Kg2 Re7 43.Ng3 Re3 44.Ra8 Rxf3 45.Rd8 Rc3 46.Rd6 Rc2+ 
47.Kf1 Rc3 48.Ne4 Rf3+ 49.Kg2 Rf4 50.Nxc5 h5 51.Nd3 Re4 52.gxh5+ Kxh5 53.
Rxf6 Re2+ 54.Rf2 Re3 55.Nc5 Kh4 56.Rd2 Rg3+ 57.Kf2 Nf3 58.Rd8 Kxh3 59.Rh8+
    ( 59.Ne4 {gagne le cavalier!} 59...Rg2+ 60.Kxf3 g4+ 61.Kf4 Rxa2 62.
    Rh8+ Kg2 63.Kxg4 )
59...Kg4 60.Ra8 Nh4 61.Re8 Rg2+ 62.Ke3 Rxa2 63.Re4+ Kg3 64.Rb4 Ng2+ 65.Ke4
Re2+ 66.Kf5 Nh4+ 67.Kf6 g4 68.Rxb5 Kf3 69.Nd3 g3 70.Rg5 Re3 71.Ne5+ Ke2 
72.Ng4 Rxb3 73.Re5+ Kf3 74.Kg5 g2 75.Re1 Kg3 76.Rg1 Nf3+ 0-1

[Event "R1 - Castres - Muret3"]
[Site "castres"]
[Date "2007.01.23"]
[Round "4"]
[White "Scandella, Thierry"]
[Black "Grimmer, Jonathan"]
[Result "1/2-1/2"]
[WhiteElo "2031"]
[BlackElo "1770"]
[EventDate "2007.??.??"]
[PlyCount "85"]

1.d4 f5 2.Nc3 d5 3.e4 dxe4 4.f3 Nf6 5.fxe4 fxe4 6.Bg5 Bf5 7.Qd2 e6 8.O-O-O
c6 9.h3 h5 10.Qe3 Nbd7 11.Nge2 Qc7 12.Qf2 Bd6 13.Bf4 Nd5 14.Bxd6 Qxd6 15.
Qh4 Qe7 16.Qxe7+ Kxe7 17.Re1 N7f6 18.Nd1 h4 19.g4 Bg6 20.Bg2 Rad8 21.Rhf1 
e3 22.Bxd5 Nxd5 23.Nf4 Nxf4 24.Rxf4 Rhf8 25.Rxf8 Rxf8 26.Rxe3 Rf4 27.c3 
Kd6 28.Kd2 Rf1 29.Ke2 Rh1 30.Nf2 Rb1 31.b4 Rb2+ 32.Kf3 Rxa2 33.Ne4+ Bxe4+ 
34.Kxe4 Rf2 35.Kd3 Rf4 36.Ke2 g6 37.Re5 b6 38.Rg5 Rf6 39.Re5 c5 40.bxc5+ 
bxc5 41.Rxc5 Rf7 42.Ra5 Kc6 43.Rc5+ 1/2-1/2

[Event "R1 - Castres - Muret3"]
[Site "castres"]
[Date "2007.01.23"]
[Round "4"]
[White "Carivenc, Thierry"]
[Black "Sylvain, Christophe"]
[Result "1-0"]
[WhiteElo "1740"]
[BlackElo "1640"]
[EventDate "2007.??.??"]
[PlyCount "35"]

1.d4 Nc6 2.Nf3 e6 3.e3 Nce7 4.Bd3 Nf6 5.Nbd2 Ng6 6.b3 Be7 7.Bb2 O-O 8.Qe2 
d6 9.O-O c6 10.c4 Qc7 11.Rac1 d5 12.Ne5 Nxe5 13.dxe5 Nd7 14.f4 f6 15.Qh5 
g6 16.Bxg6 hxg6 17.Qxg6+ Kh8 18.Rf3 1-0

[Event "N4"]
[Site "?"]
[Date "2007.02.11"]
[Round "5"]
[White "Yebdri, Eric"]
[Black "Thirion, Patrick"]
[Result "1-0"]
[WhiteElo "1499"]
[BlackElo "1650"]
[EventDate "2007.04.01"]
[PlyCount "104"]

1.d4 e6 2.c4 d5 3.Nf3 Nf6 4.Nc3 Be7 5.e3 O-O 6.Bd3 h6 7.O-O a6 8.Bd2 Nbd7 
9.cxd5 exd5 10.a4 c5 11.dxc5 Nxc5 12.Bc2 Bg4 13.h3 Be6 14.Nd4 Bd7 15.b4 
Ne6 16.Nce2 Bd6 17.Nxe6 Bxe6 18.Nd4 Rc8 19.b5 Bb8 20.Bb4 Re8 21.Nxe6 fxe6 
22.Bg6 Re7 23.Bxe7 Qxe7 24.Rc1 Rf8 25.bxa6 bxa6 26.Rc6 Nd7 27.Rxa6 Ne5 28.
Bh5 g6 29.Be2 Qf6 30.Qb3 Nf3+ 31.Bxf3 Qe5 32.g3 Rxf3 33.Qc2 Kg7 34.Qe2 Qe4
35.Rxe6 Rxg3+ 36.fxg3 Qxe6 37.g4 Ba7 38.Re1 d4 39.exd4 Bxd4+ 40.Kg2 Qd5+ 
41.Qe4 Qa2+ 42.Re2 Qa1 43.Qe7+ Kh8 44.Qf8+ Kh7 45.Qe7+ Bg7 46.Qd7 Qc1 47.
a5 h5 48.gxh5 Qg5+ 49.Qg4 Qd5+ 50.Qf3 Qxf3+ 51.Kxf3 Kh6 52.hxg6 Kxg6 1-0

[Event "N4"]
[Site "?"]
[Date "2007.02.11"]
[Round "5"]
[White "Partinico, Jeremy"]
[Black "Evrard, Emmanuel"]
[Result "0-1"]
[WhiteElo "1964"]
[BlackElo "1750"]
[EventDate "2007.04.01"]
[PlyCount "132"]

1.e4 d6 2.d4 g6 3.Nc3 Bg7 4.Be3 Nf6 5.Qd2 Nbd7 6.f3 c6 7.h4 h6 8.a4 Qc7 9.
Bc4 Qa5 10.Rb1 a6 11.b4 Qc7 12.Ba2 b5 13.a5 Bb7 14.Qf2 O-O 15.h5 Nxh5 16.
g4 Nhf6 17.Bxh6 Bxh6 18.Rxh6 Kg7 19.g5 Nh5 20.Nge2 Rh8 21.Ng3 Nxg3 22.Qxg3
Rxh6 23.gxh6+ Kf8 24.Ne2 e5 25.Kd2 Nf6 26.Rh1 Nh7 27.f4 c5 28.f5 Bxe4 29.
Rf1 cxd4 30.Bb3 g5 31.Qg4 d5 32.Rg1 Rc8 33.Rg3 Qd6 34.Qh5 Qxb4+ 35.Kd1 
Bxc2+ 36.Bxc2 f6 37.Qg6 Rc7 38.Rg2 e4 39.Nf4 Rf7 40.Ne6+ Ke8 41.Nc7+ Kf8 
42.Ne6+ Ke8 43.Nxg5 fxg5 44.Qc6+ Rd7 45.Qg6+ Kd8 46.Rxg5 Qxa5 47.Qg8+ Kc7 
48.Rg7 Qa1+ 49.Kd2 Qc3+ 50.Kd1 Nf6 51.h7 e3 52.Rxd7+ Nxd7 53.Qg3+ Kb6 54.
Qd6+ Ka5 55.Qh2 d3 56.Bxd3 Qxd3+ 57.Kc1 e2 58.Qxe2 Qxe2 59.h8=Q Qf1+ 60.
Kb2 Qxf5 61.Qd8+ Nb6 62.Qc7 Qd3 63.Qd8 Qc4 64.Ka3 Qc2 65.Qxd5 Nc4+ 66.Qxc4
Qxc4 0-1

[Event "N4"]
[Site "?"]
[Date "2007.02.11"]
[Round "5"]
[White "Masot, Liberto"]
[Black "Pastorelli, Loic"]
[Result "0-1"]
[WhiteElo "1728"]
[BlackElo "1808"]
[EventDate "2007.04.01"]
[PlyCount "116"]

1.e4 c5 2.Nc3 Nc6 3.f4 e6 4.Bc4 Nge7 5.Nf3 Ng6 6.d3 Be7 7.Be3 O-O 8.a3 a6 
9.h4 b5 10.Bb3 Qc7 11.g3 Re8 12.Ng5 Bxg5 13.hxg5 Nd4 14.Qh5 Nf8 15.Bxd4 
cxd4 16.Ne2 g6 17.Qh3 Qa5+ 18.Kf2 Qd2 19.g4 d6 20.Rad1 Qe3+ 21.Qxe3 dxe3+ 
22.Kxe3 Bb7 23.Rh3 d5 24.e5 a5 25.a4 b4 26.Nd4 Kg7 27.Nb5 Re7 28.Nd6 Bc6 
29.c4 bxc3 30.bxc3 Nd7 31.Rdh1 d4+ 32.cxd4 Bxh1 33.Rxh1 Kg8 34.f5 Nf8 35.
f6 Rc7 36.Bc4 Rb8 37.Nb5 Rcb7 38.d5 exd5 39.Bxd5 Rb6 40.Nd6 Ne6 41.Bxe6 
fxe6 42.f7+ Kg7 43.Nb5 Rh8 44.Rf1 Rf8 45.Nd6 Rb4 46.Rf6 Rxg4 47.Rxe6 Rxg5 
48.d4 Rg3+ 49.Kf4 Rd3 50.Ke4 Ra3 51.Rf6 Rb8 52.e6 Kxf6 53.Ne8+ Ke7 54.d5 
Rxa4+ 55.Ke5 Rxe8 56.d6+ Kf8 57.d7 Rxe6+ 58.Kxe6 Rd4 0-1